[Event "BCF-chT2b 1516 (4NCL)"]
[Site "England"]
[Date "2015.11.14"]
[Round "1.20"]
[White "Martin, Peter"]
[Black "Henderson, David"]
[Result "1/2-1/2"]
[WhiteElo "2097"]
[BlackElo "2155"]
[PlyCount "55"]
[EventDate "2015.11.14"]
[EventType "team-tourn"]
[EventRounds "7"]
[EventCountry "ENG"]
[SourceTitle "CBM 169 Extra"]
[Source "ChessBase"]
[SourceDate "2015.12.18"]
[SourceVersion "1"]
[SourceVersionDate "2015.12.18"]
[SourceQuality "1"]
[WhiteTeam "Downend & Fishponds"]
[BlackTeam "North East England"]
[WhiteTeamCountry "ENG"]
[BlackTeamCountry "ENG"]

1. d4 d5 2. Nf3 Nf6 3. e3 e6 4. Bd3 Bd6 5. Nbd2 Nbd7 6. b3 e5 7. dxe5 Nxe5 8. Be2 0-0 9. 0-0 Bf5 10. Bb2 Qe7 11. Re1 c5 12. Nxe5 Bxe5 13. Bxe5 Qxe5 14. Bd3 Ne4 15. Nxe4 Bxe4 16. Qd2 Rfd8 17. Rad1 Qf6 18. Qe2 h6 19. Rd2 Bxd3 20. cxd3 Rac8 21. Rc1 Rc6 22. Rdc2 Rdc8 23. Qg4 Qe6 24. Qxe6 fxe6 25. Kf1 Kf7 26. Ke2 e5 27. f3 Ke6 28. g3 1/2-1/2